Les 50 pays ayant la pire connexion internet - Statistiques

Statistiques générales
  • Ce quiz a été pris 320 fois
  • Le résultat moyen est 30 sur 50
Statistiques - réponses
Vitesse de
connexion
(en Mbps)
Pays % Correct
1,10 République Démocratique du Congo
84%
0,93 Congo
83%
1,37 Algérie
78%
0,71 Niger
78%
0,86 Somalie
75%
1,56 Mali
72%
2,25 Sénégal
72%
1,93 Soudan
72%
1,62 Egypte
70%
1,25 Guinée
70%
1,56 Nigeria
70%
1,26 Afghanistan
69%
0,80 Ethiopie
68%
1,88 Libye
68%
1,39 Irak
67%
1,03 Cameroun
66%
0,59 Mauritanie
66%
1,96 Togo
65%
1,21 Angola
64%
0,94 Bénin
63%
0,95 Syrie
63%
2,34 Tanzanie
62%
1,26 Gabon
61%
1,37 Ouzbékistan
61%
1,44 Pakistan
61%
0,38 Yémen
61%
1,83 Côte d'Ivoire
60%
2,10 Mongolie
59%
0,70 Turkménistan
59%
1,02 Burkina Faso
58%
0,88 Djibouti
58%
0,51 Guinée Equatoriale
58%
1,21 Gambie
56%
1,05 Tadjikistan
56%
1,51 Eswatini
55%
2,16 Mozambique
55%
1,92 Botswana
54%
2,54 Comores
54%
2,11 Liberia
54%
1,59 Malawi
54%
2,50 Kirghizistan
52%
1,20 Sierra Leone
52%
1,84 Liban
50%
0,87 Sao Tomé-et-Principe
47%
1,73 Bolivie
43%
1,66 Cuba
42%
1,37 Venezuela
42%
2,47 Papouasie-Nouvelle-Guinée
39%
1,83 Maldives
36%
0,45 Timor Oriental
36%
Aucun quiz correspondant
Distribution des résultats
% des personnes avec chaque résultat
Percentile par nombre de réponses
Votre historique - résultats
Vous n’avez pas pris ce quiz